Vědeckotechnická revoluce, škola a výchova /

Hlavní autor: Pavlík, Ondrej, 1916-1996
Jazyk: Čeština
Vydáno: Praha : Státní pedagogické nakladatelství, 1979
Vydání: 1. vyd.
Edice: Pedagogická teorie a praxe
Témata:
Externí odkaz: Digitalizovaný dokument
Fyzický popis: 231 s.
Knihy
Uloženo v:
LEADER 01729nam a22003612a 4500
001 000431402
003 CZ BrMZK
005 20110826142858.0
007 ta
008 990307s1979 xr f cze d
015 |a cnb000133481 
035 |a (OCoLC)42144633 
040 |a BOA001  |b cze 
080 9 |a 37.014.53 
100 1 |a Pavlík, Ondrej,  |d 1916-1996  |7 mzk2002144662  |4 aut 
245 1 0 |a Vědeckotechnická revoluce, škola a výchova /  |c Ondrej Pavlík 
250 |a 1. vyd. 
260 |a Praha :  |b Státní pedagogické nakladatelství,  |c 1979 
300 |a 231 s. 
490 1 |a Pedagogická teorie a praxe 
500 |a Dostupné též v digitální podobě v aplikaci Kramerius 
830 0 |a Pedagogická teorie a praxe  |0 s 
856 4 1 |u http://www.digitalniknihovna.cz/mzk/uuid/uuid:89eb3c40-4b3e-11e7-b03f-005056827e52  |y Digitalizovaný dokument  |x NDK 
910 |a BOA001  |b PK-0085.114  |b 2-0804.135 
964 |a Revoluce vědeckotechnická - škola - sborníky 
990 |a BK 
996 7 |b 2619431961  |c 2-0804.135  |l MZK  |r Sklad / do 1 hodiny  |n 1  |w 000431402  |u 000030  |a 1  |e BOA001  |j MZK50  |s A 
996 6 |b 2619431962  |c 2-0804.135  |l MZK  |r Sklad / do 1 hodiny  |n 0  |w 000431402  |u 000040  |a 1  |e BOA001  |j MZK50  |s P 
996 7 |b 2619431963  |c 2-0804.135  |l MZK  |r Sklad / do 1 hodiny  |n 0  |w 000431402  |u 000050  |a 1  |e BOA001  |j MZK50  |s A 
996 7 |b 2619431964  |c 2-0804.135  |l MZK  |r Sklad / do 1 hodiny  |n 0  |w 000431402  |u 000060  |a 1  |e BOA001  |j MZK50  |s A 
996 7 |b 2619431965  |c 2-0804.135  |l MZK  |r Sklad / do 1 hodiny  |n 0  |w 000431402  |u 000070  |a 1  |e BOA001  |j MZK50  |s A 
996 7 |b 3119829952  |c PK-0085.114  |l MZK  |r Sklad / do 1 hodiny  |n 0  |w 000431402  |u 000010  |a 1  |e BOA001  |j MZK50  |s A 
996 7 |b 3119829953  |c PK-0085.114  |l MZK  |r Sklad / do 1 hodiny  |n 0  |w 000431402  |u 000020  |a 1  |e BOA001  |j MZK50  |s A